Responses for show #7835 - Friday, October 5, 2018

Contestants

[<< previous game]

Adam Francois Watkins, a stay-at-home dad and lawyer from Atlanta, Georgia

Maureen Block, a high school English and film studies teacher from Rancho Cucamonga, California

Sara Butner, a communications manager from Winston-Salem, North Carolina (whose 1-day cash winnings total $32,700)

[next game >>]

Jeopardy! Round responses

TALE AS OLD AS TIME
UNDER THE SEA
LET IT GO
FRIEND LIKE ME
"HI" "HO"
DISNEY SONGS
    $200 20
Don Quixote

Adam
    $200 13
(Sara: What is a double-bogey?)
(Adam: What is an albatross?)

quadruple-bogey

SaraAdam
Triple Stumper
    $200 1
slavery

Adam
    $200 2
hives

Sara
    $200 3
hakuna matata

Maureen
    $400 24
Dante

Sara
    $400 29
[The end-of-round signal sounds.]

lobsters

Adam
    $400 14
a pug

Maureen
    $400 25
(Alex: With a minute to go.)

Einstein

Maureen
    $400 5
hire

Maureen
    $400 4
Cruella de Vil

Adam
    $600 21
Candide

Maureen
    $600 12
(Maureen: What is the Pacific?)

the Indian Ocean

SaraMaureen
    $600 15
"The Blue Danube"

Adam
    $600 26
Ella Fitzgerald

Maureen
    $600 6
homely

Adam
    $600 9
Mulan

Maureen
    $800 22
The Canterbury Tales

Sara
    $800 16
codfish

Sara
    $800 18
Maui

Adam
    $800 27
(Peter) Rainier

Adam
    $800 7
hoedown

Adam
    $800 10
(Adam: What are the colors of the rainbow?)

the colors of the wind

SaraAdam
    $1000 23
mir

Triple Stumper
    $1000 17
a clownfish

Adam
    $1000 19
transcendental meditation

Maureen
    $3,000 28
Susan B. Anthony

Adam
    $1000 8
hibiscus

Maureen
    $1000 11
"When You Wish Upon A Star"

Adam

Scores at the first commercial break (after clue 15):

Sara Maureen Adam
$1,400 $2,000 $2,600

Scores at the end of the Jeopardy! Round:

Sara Maureen Adam
$3,400 $4,600 $8,800

Double Jeopardy! Round responses

CONTEMPORARIES
ANIMAL WORDS & PHRASES
THE TRIAL'S VENUE
(Alex: You have to identify the city for us.)
POTPOURRI
THE TELEVISION ACADEMY HALL OF FAME
THE "BEST" WORDS
    $400 21
St. Peter's

Adam
    $400 1
a monkey

Maureen
    $400 6
Dallas

Adam
    $400 16
Michigan

Maureen
    $400 4
[ERRATUM: The actress's name is Julia Louis-Dreyfus, but Adam's response was accepted.]

(Julia Louis-)Dreyfus

Adam
    $400 15
man's best friend

Adam
    $800 23
Simón Bolívar

Triple Stumper
    $800 2
pigs in a blanket

Sara
    $800 5
Chicago

Sara
    $800 22
(Maureen: What is World War I?)

the Spanish-American War

Maureen
Triple Stumper
    $800 30
SNL or Saturday Night Live

Maureen
    $800 13
the best policy

Adam
    $100 14
Marie Antoinette

Adam
    $1200 3
a duck face

Maureen
    $5,000 7
(Alex: [*] Reds star.)

Cincinnati

Adam
    $1200 24
wrestling

Triple Stumper
    $1200 20
miniseries

Adam
    $1200 10
a girl's best friend

Adam
    $1600 29
Peter the Great

Sara
    $1600 26
cobra

Sara
    $1600 8
(Alex: Enron executives.)

Houston

Adam
    $1600 25
(Alex: Less than a minute now.)

abandon ship

Adam
    $1600 19
Garry Marshall

Maureen
    $1600 11
best hope

Adam
    $2000 17
(Maureen: Who is Einstein?)

Max Planck

Maureen
Triple Stumper
    $2000 27
the pony

Sara
    $2000 9
Buffalo, New York

Triple Stumper
    $2000 28
a toaster

Maureen
    $2000 18
(Chuck) Lorre

Maureen
    $2000 12
The Best and the Brightest

Adam

Scores at the end of the Double Jeopardy! Round:

Sara Maureen Adam
$10,200 $10,200 $25,500
(lock game)

[wagering suggestions for these scores]

Final Jeopardy! Round responses

MILITARY HISTORY
MaureenWhat is ?
$0
SaraWhat is D-Day
$9,950
AdamWhat is the D-Day invasion?
$206
D-Day

Final scores:

Sara Maureen Adam
$20,150 $10,200 $25,706
2nd place: $2,000 3rd place: $1,000 New champion: $25,706

Game dynamics:

Coryat scores:

Sara Maureen Adam
$10,200 $10,200 $20,800
11 R,
1 W
16 R,
3 W
25 R
(including 3 DDs),
2 W

Combined Coryat: $41,200

The J! Archive is created by fans, for fans. The Jeopardy! game show and all elements thereof, including but not limited to copyright and trademark thereto, are the property of Jeopardy Productions, Inc. and are protected under law. This website is not affiliated with, sponsored by, or operated by Jeopardy Productions, Inc. Join the discussion at JBoard.tv.